Lugares Country Mi Refugio - Estadísticas

Estadísticas generales
  • Esta prueba ha sido intentada 9 veces
  • La puntuación promedio es 20 de 32
Estadísticas de respuestas
Iniciales Respuesta % Correcto
A Administración
80%
CdG Campo de Golf
80%
CdB Cancha de Bochas
80%
CdH Cancha de Hockey
80%
CdF Canchas de Futbol
80%
CdT Canchas de tenis
80%
EG Estacionamiento Golf
80%
EH Estacionamiento House
80%
G Guardia
80%
H House
80%
HD House Deportivo
80%
HG House Golf
80%
S Salones
80%
CdP Canchas de paddle
60%
D Dengue
60%
G Gimna
60%
G Gimnasio
60%
J Jardín
60%
P Paredón
60%
PdlS Paseo de la salud
60%
P Plaza
60%
SN Salones Nuevos
60%
S Sum
60%
TdB Torre del baucha
60%
T Tribuna
60%
U Utilería
60%
M Microcine
40%
MS MR Store
40%
OJ Oficina Juventud
40%
P Pileta
40%
PdP Pista de patín
40%
M Médico
20%
No se encontraron pruebas coincidentes
Distribución de puntuación
Porcentaje de gente con cada puntuación
Porcentaje por número respondido
Historial de tus puntuaciones
No has intentado esta prueba.